[Event "Europa ch s-16 femenino"]
[Site "Herceg Novi  MNT"]
[Date "2008.09.17"]
[Round "3.8"]
[White "Motycakova, Monika"]
[Black "Kazimova, Narmin Nizami Qizi"]
[Result "0-1"]
[WhiteElo "1948"]
[BlackElo "2148"]
[PlyCount "82"]
[EventDate "2008.09.15"]
[EventType "swiss"]
[EventRounds "9"]
[Source "lmi"]
[SourceDate "2008.09.15"]

1. e4 c5 2. Nf3 d6 3. c3 Nf6 4. Bd3 Nc6 5. Bc2 e5 6. h3 Be7 7. O-O O-O 8. Re1
Qc7 9. Na3 a6 10. d4 b5 11. d5 Na5 12. b3 c4 13. Bd2 Nd7 14. Qe2 Nb6 15. Be3
Bd7 16. Nd2 Rfc8 17. Rec1 Rab8 18. Bxb6 Qxb6 19. b4 Nb7 20. Bd1 a5 21. Nc2 axb4
22. Nxb4 Nc5 23. Bc2 Rb7 24. Kh2 Ra7 25. g3 Na6 26. Rcb1 Qc5 27. a4 Nc7 28.
axb5 Nxb5 29. Qf3 Rca8 30. Rxa7 Rxa7 31. Rc1 Bg5 32. Rd1 Ra3 33. Nb1 Ra1 34.
Kg2 Bd8 35. Nd2 Ra3 36. Nb1 Ra8 37. Nd2 Ba5 38. Rb1 Bb6 39. Rf1 Ra3 40. Nb1 Ra1
41. Qe3 Bxh3+ 0-1

[Event "Europa ch s-16 femenino"]
[Site "Herceg Novi  MNT"]
[Date "2008.09.17"]
[Round "3.10"]
[White "Schut, Donna"]
[Black "Trapeznikova, Darya"]
[Result "1-0"]
[WhiteElo "2069"]
[BlackElo "1919"]
[PlyCount "45"]
[EventDate "2008.09.15"]
[EventType "swiss"]
[EventRounds "9"]
[Source "lmi"]
[SourceDate "2008.09.15"]

1. e4 e6 2. d4 d5 3. Nd2 Nf6 4. e5 Nfd7 5. c3 c5 6. Bd3 Nc6 7. Ndf3 Be7 8. Ne2
Qb6 9. O-O O-O 10. Nf4 Nd8 11. Bc2 cxd4 12. Qd3 f5 13. exf6 Nxf6 14. Ng5 Ne4
15. Nxe4 dxe4 16. Qxe4 Bf6 17. Qxh7+ Kf7 18. Qh5+ Ke7 19. Ng6+ Ke8 20. Nxf8+
Kxf8 21. Bg6 Bd7 22. b3 Qa6 23. a4 1-0

[Event "Europa ch s-16 femenino"]
[Site "Herceg Novi  MNT"]
[Date "2008.09.17"]
[Round "3.11"]
[White "Todorova, Kalina"]
[Black "Adamowicz, Katarzyna"]
[Result "0-1"]
[WhiteElo "1711"]
[BlackElo "2063"]
[PlyCount "114"]
[EventDate "2008.09.15"]
[EventType "swiss"]
[EventRounds "9"]
[Source "lmi"]
[SourceDate "2008.09.15"]

1. d4 d5 2. c4 e6 3. Nf3 Nf6 4. g3 c6 5. Bg2 Be7 6. Nc3 O-O 7. O-O Nbd7 8. Qd3
b6 9. cxd5 cxd5 10. Bf4 Nh5 11. Bd2 a5 12. Rfe1 Ba6 13. Qb1 Nhf6 14. e4 dxe4
15. Nxe4 Nxe4 16. Qxe4 Nf6 17. Qe3 Rc8 18. Rac1 Nd5 19. Qe4 Qd6 20. Ne5 Bf6 21.
Qg4 Rxc1 22. Bxc1 Qb4 23. Qe4 Qd6 24. Qg4 Rc8 25. Be4 g6 26. f4 Qb4 27. Qd1 Ne7
28. a3 Qd6 29. Qd2 Nf5 30. Rd1 Bb5 31. b3 a4 32. b4 Qe7 33. Bb2 Nd6 34. Bd3 Qb7
35. Bxb5 Nxb5 36. Qe2 Qd5 37. Rd2 Nd6 38. Nd7 Bd8 39. Qe5 Nc4 40. Qxd5 exd5 41.
Re2 f6 42. f5 Kf7 43. fxg6+ hxg6 44. Rf2 Nxb2 45. Rxb2 Ke7 46. Nc5 bxc5 47.
dxc5 Kd7 48. Rd2 Kc6 49. g4 Bc7 50. Re2 Be5 51. g5 Kb5 52. gxf6 Bxf6 53. Kg2 d4
54. Re6 Rc6 55. Re1 d3 56. Kf3 Bc3 57. Ra1 d2 0-1

[Event "Europa ch s-16 femenino"]
[Site "Herceg Novi  MNT"]
[Date "2008.09.17"]
[Round "3.14"]
[White "Shvayger, Yuliya"]
[Black "Haug, Marianne Wold"]
[Result "1-0"]
[WhiteElo "2151"]
[BlackElo "1881"]
[PlyCount "71"]
[EventDate "2008.09.15"]
[EventType "swiss"]
[EventRounds "9"]
[Source "lmi"]
[SourceDate "2008.09.15"]

1. e4 c5 2. Nf3 g6 3. d4 cxd4 4. Nxd4 Nc6 5. Be3 Nf6 6. f3 Bg7 7. Qd2 O-O 8. c4
d6 9. Nc3 Nd7 10. Be2 Nxd4 11. Bxd4 Bxd4 12. Qxd4 Qb6 13. Qd2 Nf6 14. O-O-O Be6
15. Kb1 a5 16. h4 Rfc8 17. Nd5 Bxd5 18. exd5 Qb4 19. Qe3 a4 20. a3 Qc5 21. Qxe7
Re8 22. Qxf6 Rxe2 23. h5 Qxc4 24. h6 Kf8 25. Rc1 Qxd5 26. Rhe1 Qe5 27. Qg7+ Ke7
28. Rxe2 Qxe2 29. Rc7+ Kd8 30. Qxf7 Qd1+ 31. Rc1 Qd3+ 32. Ka1 Qe3 33. Rc3 Qe1+
34. Ka2 Ra6 35. Qf8+ Kd7 36. Qc8+ 1-0

[Event "Europa ch s-16 femenino"]
[Site "Herceg Novi  MNT"]
[Date "2008.09.17"]
[Round "3.16"]
[White "Pavelkova, Michaela"]
[Black "Gorozhankina, Julia"]
[Result "0-1"]
[WhiteElo "1886"]
[BlackElo "2094"]
[PlyCount "62"]
[EventDate "2008.09.15"]
[EventType "swiss"]
[EventRounds "9"]
[Source "lmi"]
[SourceDate "2008.09.15"]

1. e4 c5 2. Nf3 Nc6 3. d4 cxd4 4. Nxd4 g6 5. c4 Bg7 6. Be3 Nf6 7. Nc3 Ng4 8.
Qxg4 Nxd4 9. Qd1 Ne6 10. Be2 Qa5 11. O-O Bxc3 12. bxc3 Qxc3 13. Qd5 O-O 14.
Rac1 Qb2 15. Bg4 d6 16. f4 Qa3 17. Rf3 Nc7 18. Qg5 Bxg4 19. Qxg4 f5 20. Qh4
fxe4 21. Rh3 Rf7 22. f5 Raf8 23. Re1 Qd3 24. Bxa7 Qxc4 25. Rxe4 Qxa2 26. Bf2
Qb1+ 27. Be1 Nd5 28. g3 Nc3 29. Rxe7 Qxf5 30. Rxf7 Qxf7 31. Qxh7+ Qxh7 0-1

[Event "Europa ch s-16 femenino"]
[Site "Herceg Novi  MNT"]
[Date "2008.09.17"]
[Round "3.20"]
[White "Nesic, Dragana"]
[Black "Stetsko, Lanita"]
[Result "0-1"]
[WhiteElo "1873"]
[BlackElo "2022"]
[PlyCount "80"]
[EventDate "2008.09.15"]
[EventType "swiss"]
[EventRounds "9"]
[Source "lmi"]
[SourceDate "2008.09.15"]

1. e4 c5 2. Nc3 Nc6 3. g3 g6 4. Bg2 Bg7 5. d3 d6 6. f4 Nf6 7. Nf3 O-O 8. O-O
Rb8 9. h3 b5 10. Ne2 b4 11. Be3 a5 12. Qc1 Ba6 13. Qd2 a4 14. c3 bxc3 15. bxc3
c4 16. d4 Nxe4 17. Qc2 d5 18. Qxa4 Bb5 19. Qc2 e6 20. Ne5 f6 21. a4 fxe5 22.
axb5 exd4 23. Bxd4 Nxd4 24. cxd4 Nd6 25. Ra6 Nxb5 26. Rxe6 Qd7 27. Ra6 Nxd4 28.
Nxd4 Bxd4+ 29. Kh1 Rb2 30. Qd1 Rxg2 31. Kxg2 Bg7 32. Qg4 Qf7 33. Rd1 d4 34. Rd6
c3 35. Qe2 Re8 36. Qc2 Qc4 37. Qd3 Qc5 38. Ra6 Re3 39. Qc2 Qd5+ 40. Kh2 d3 0-1

[Event "Europa ch s-16 femenino"]
[Site "Herceg Novi  MNT"]
[Date "2008.09.17"]
[Round "3.21"]
[White "Stojkovska, Monika"]
[Black "Bulatkhanova, Bika"]
[Result "0-1"]
[WhiteElo "1869"]
[BlackElo "1976"]
[PlyCount "62"]
[EventDate "2008.09.15"]
[EventType "swiss"]
[EventRounds "9"]
[Source "lmi"]
[SourceDate "2008.09.15"]

1. e4 d6 2. d4 Nf6 3. Nc3 g6 4. Bg5 Bg7 5. Qd2 h6 6. Bh4 g5 7. Bg3 Nh5 8. O-O-O
c6 9. Be2 Nxg3 10. hxg3 b5 11. Bf1 Nd7 12. f4 g4 13. e5 Nb6 14. Bd3 h5 15. Ne4
a5 16. exd6 exd6 17. Re1 O-O 18. Nf2 f5 19. Qe2 Qf6 20. Qe7 Qxd4 21. Nd1 Qd5
22. Kb1 a4 23. Ne2 Bd7 24. Rxh5 Rae8 25. Qh4 c5 26. Rh1 c4 27. Rh6 cxd3 28. Rg6
dxc2+ 29. Kxc2 Rxe2+ 30. Kb1 Qd4 31. Qh8+ Kf7 0-1

[Event "Europa ch s-16 femenino"]
[Site "Herceg Novi  MNT"]
[Date "2008.09.17"]
[Round "3.22"]
[White "Manelidou, Maria"]
[Black "Ignat, Xenia"]
[Result "1-0"]
[WhiteElo "1975"]
[BlackElo "1748"]
[PlyCount "49"]
[EventDate "2008.09.15"]
[EventType "swiss"]
[EventRounds "9"]
[Source "lmi"]
[SourceDate "2008.09.15"]

1. e4 c6 2. d4 d5 3. f3 dxe4 4. fxe4 e5 5. Nf3 Be6 6. c3 Nf6 7. Bd3 Nbd7 8. Bg5
Bd6 9. Nbd2 Qc7 10. Qc2 h6 11. Bh4 Ng4 12. Nf1 g5 13. Bg3 O-O-O 14. h3 Ngf6 15.
Qf2 Nh5 16. Bh2 exd4 17. cxd4 Bxh2 18. N1xh2 Nf4 19. Qd2 Nxd3+ 20. Qxd3 Qg3+
21. Kf1 Nc5 22. Qe2 Nxe4 23. Qxe4 Bc4+ 24. Kg1 Rhe8 25. Qg4+ 1-0

[Event "Europa ch s-16 femenino"]
[Site "Herceg Novi  MNT"]
[Date "2008.09.17"]
[Round "3.23"]
[White "Zalimaite, Ieva"]
[Black "Goossens, Hanne"]
[Result "1-0"]
[WhiteElo "1844"]
[BlackElo "1941"]
[PlyCount "67"]
[EventDate "2008.09.15"]
[EventType "swiss"]
[EventRounds "9"]
[Source "lmi"]
[SourceDate "2008.09.15"]

1. c4 f5 2. g3 Nf6 3. Bg2 g6 4. e3 Bg7 5. d4 O-O 6. Ne2 d6 7. O-O c6 8. Nbc3
Na6 9. Rb1 e5 10. f4 Qe7 11. b4 Bd7 12. a4 e4 13. c5 Nc7 14. Ba3 Ncd5 15. Qc1
dxc5 16. bxc5 Be6 17. Nxd5 Nxd5 18. Nc3 Qc7 19. Rf2 Rab8 20. Bf1 Kf7 21. Rfb2
Rfd8 22. Nxd5 Bxd5 23. a5 Qxa5 24. Rxb7+ Rxb7 25. Rxb7+ Kg8 26. Bc4 Bxc4 27.
Qxc4+ Kh8 28. Qb4 Qa6 29. Rb8 Rf8 30. d5 Qe2 31. Rxf8+ Bxf8 32. Qb2+ Qxb2 33.
Bxb2+ Kg8 34. dxc6 1-0

[Event "Europa ch s-16 femenino"]
[Site "Herceg Novi  MNT"]
[Date "2008.09.17"]
[Round "3.26"]
[White "Edes, Zsofia"]
[Black "Jimenez Lupianez, Laura"]
[Result "0-1"]
[WhiteElo "1812"]
[BlackElo "1901"]
[PlyCount "42"]
[EventDate "2008.09.15"]
[EventType "swiss"]
[EventRounds "9"]
[Source "lmi"]
[SourceDate "2008.09.15"]

1. d4 d5 2. c4 c6 3. Nf3 Nf6 4. Nc3 a6 5. a4 e6 6. Bg5 Be7 7. e3 a5 8. Bd3 Na6
9. Ne5 Nb4 10. Bb1 Nd7 11. Bxe7 Qxe7 12. Nxd7 Bxd7 13. c5 Qg5 14. O-O O-O 15.
Na2 Nxa2 16. Rxa2 e5 17. Qf3 Rae8 18. dxe5 Qxe5 19. Rd1 Re6 20. Qh3 g6 21. Rd4
Qxd4 0-1

[Event "Europa ch s-16 femenino"]
[Site "Herceg Novi  MNT"]
[Date "2008.09.17"]
[Round "3.28"]
[White "Lisac, Tihana"]
[Black "Anusca, Madalina-Maria"]
[Result "0-1"]
[WhiteElo "1773"]
[BlackElo "1949"]
[PlyCount "86"]
[EventDate "2008.09.15"]
[EventType "swiss"]
[EventRounds "9"]
[Source "lmi"]
[SourceDate "2008.09.15"]

1. e4 c5 2. Nf3 d6 3. c3 Nf6 4. h3 g6 5. Bd3 Bg7 6. Bc2 Nc6 7. O-O O-O 8. Re1
e5 9. d4 cxd4 10. cxd4 exd4 11. Nxd4 Re8 12. Nxc6 bxc6 13. Ba4 Bb7 14. Nc3 d5
15. exd5 Rxe1+ 16. Qxe1 cxd5 17. Bd2 d4 18. Ne2 Ne4 19. Rc1 Rc8 20. Bb3 Qd7 21.
Rd1 Nxd2 22. Qxd2 Qc6 23. f3 Rd8 24. Qf4 Qf6 25. Qc7 Ba6 26. Ng3 d3 27. Bxf7+
Kh8 28. Ne4 Qd4+ 29. Kh1 Be5 30. Qa5 Bb7 31. Ng5 Rc8 32. Ne6 Qxb2 33. Nc5 Qc2
34. Bb3 Qxc5 35. Qd2 Qc3 36. Qg5 Bf6 37. Qg4 Rd8 38. Qe6 Qc6 39. Qe3 Ba6 40.
Qxa7 d2 41. Qe3 Bc3 42. Qg5 Re8 43. Kh2 Qd6+ 0-1

[Event "Europa ch s-16 femenino"]
[Site "Herceg Novi  MNT"]
[Date "2008.09.17"]
[Round "3.33"]
[White "Messina, Roberta"]
[Black "Hohluka, Arina"]
[Result "0-1"]
[WhiteElo "1904"]
[BlackElo "1675"]
[PlyCount "52"]
[EventDate "2008.09.15"]
[EventType "swiss"]
[EventRounds "9"]
[Source "lmi"]
[SourceDate "2008.09.15"]

1. e4 c5 2. Nf3 e6 3. d4 cxd4 4. Nxd4 a6 5. Nc3 Qc7 6. g3 b5 7. a3 Bb7 8. Bg2
Nf6 9. O-O d6 10. Be3 Be7 11. h3 O-O 12. Nde2 Nbd7 13. g4 Nc5 14. Ng3 Rfd8 15.
g5 Ne8 16. h4 d5 17. exd5 exd5 18. Nxd5 Rxd5 19. Bxd5 Rd8 20. Bxf7+ Kxf7 21.
Qh5+ Kg8 22. Nf5 g6 23. Nh6+ Kf8 24. Qg4 Bd6 25. Bxc5 Bxc5 26. Qe6 Qg3# 0-1

[Event "Europa ch s-16 femenino"]
[Site "Herceg Novi  MNT"]
[Date "2008.09.18"]
[Round "4.2"]
[White "Paikidze, Nazi"]
[Black "Zakoscielna, Kinga"]
[Result "1-0"]
[WhiteElo "2277"]
[BlackElo "2125"]
[PlyCount "41"]
[EventDate "2008.09.15"]
[EventType "swiss"]
[EventRounds "9"]
[Source "lmi"]
[SourceDate "2008.09.15"]

1. e4 c5 2. Nf3 d6 3. d4 cxd4 4. Nxd4 Nf6 5. Nc3 a6 6. Bg5 e6 7. f4 Qc7 8. Bd3
b5 9. a3 Bb7 10. Qe2 Nbd7 11. O-O-O Be7 12. Kb1 Nb6 13. Bxf6 gxf6 14. Qh5 Bc8
15. f5 e5 16. Ne6 Bxe6 17. fxe6 Bf8 18. Bxb5+ axb5 19. Nxb5 Qb7 20. Rxd6 Rd8
21. Rxb6 1-0

[Event "Europa ch s-16 femenino"]
[Site "Herceg Novi  MNT"]
[Date "2008.09.18"]
[Round "4.3"]
[White "Krasiuk, Kateryna"]
[Black "Tsatsalashvili, Keti"]
[Result "0-1"]
[WhiteElo "1970"]
[BlackElo "2271"]
[PlyCount "42"]
[EventDate "2008.09.15"]
[EventType "swiss"]
[EventRounds "9"]
[Source "lmi"]
[SourceDate "2008.09.15"]

1. e4 c5 2. Ne2 Nc6 3. g3 d5 4. Bg2 dxe4 5. Bxe4 Nf6 6. Bg2 Qc7 7. Nbc3 a6 8.
d3 e6 9. O-O Bd6 10. Bg5 h6 11. Bxf6 gxf6 12. Ne4 Be7 13. Qd2 Nd4 14. Nf4 f5
15. Nc3 Bg5 16. Rac1 Bd7 17. Qe3 O-O-O 18. Rfe1 Rhg8 19. Nce2 e5 20. Nxd4 exf4
21. Qf3 cxd4 0-1

[Event "Europa ch s-16 femenino"]
[Site "Herceg Novi  MNT"]
[Date "2008.09.18"]
[Round "4.4"]
[White "Suslova, Alena"]
[Black "Schut, Donna"]
[Result "1-0"]
[WhiteElo "2184"]
[BlackElo "2069"]
[PlyCount "125"]
[EventDate "2008.09.15"]
[EventType "swiss"]
[EventRounds "9"]
[Source "lmi"]
[SourceDate "2008.09.15"]

1. c4 e5 2. Nc3 Bb4 3. g3 Bxc3 4. bxc3 Nc6 5. Bg2 Nge7 6. d3 d6 7. Nf3 O-O 8.
O-O f6 9. Qb3 Kh8 10. Bd2 b6 11. Ne1 Bg4 12. f3 Be6 13. e4 Qd7 14. Qd1 Bh3 15.
Qe2 Bxg2 16. Nxg2 f5 17. Rad1 Rae8 18. Bc1 Kg8 19. Ne3 f4 20. gxf4 exf4 21. Nd5
Nxd5 22. cxd5 Ne7 23. Qg2 Rf6 24. Kh1 Ng6 25. Rg1 Kh8 26. Rdf1 Ref8 27. d4 a5
28. Qg4 Qf7 29. Rf2 Ne7 30. Qd7 Rh6 31. Rfg2 Ng6 32. Qxf7 Rxf7 33. Rg4 Kg8 34.
Kg2 Nh4+ 35. Kf2 Ng6 36. Rh1 Rh3 37. Kg2 Rh4 38. h3 Re7 39. Kf2 Kf7 40. Rxh4
Nxh4 41. Bxf4 h6 42. c4 Ke8 43. Bg3 Ng6 44. h4 Kd7 45. h5 Nf8 46. e5 dxe5 47.
dxe5 Kc8 48. Re1 Nd7 49. e6 Nc5 50. Re3 Nb7 51. Ke2 Nc5 52. Kd2 Nb7 53. Kc3 Nc5
54. Re1 Na4+ 55. Kd4 Nc5 56. Bh4 Re8 57. f4 Nb7 58. f5 Nd6 59. Rf1 Rf8 60. f6
gxf6 61. Rxf6 Rg8 62. Rf4 Rg2 63. Be7 1-0

[Event "Europa ch s-16 femenino"]
[Site "Herceg Novi  MNT"]
[Date "2008.09.18"]
[Round "4.5"]
[White "Kazimova, Narmin Nizami Qizi"]
[Black "Gvanceladze, Anna"]
[Result "0-1"]
[WhiteElo "2148"]
[BlackElo "2017"]
[PlyCount "122"]
[EventDate "2008.09.15"]
[EventType "swiss"]
[EventRounds "9"]
[Source "lmi"]
[SourceDate "2008.09.15"]

1. c4 e5 2. Nc3 Nc6 3. Nf3 g6 4. d4 exd4 5. Nxd4 Bg7 6. Nxc6 bxc6 7. g3 Ne7 8.
Bg2 O-O 9. O-O Rb8 10. Qc2 d6 11. Bg5 Bf5 12. Qd2 f6 13. Be3 c5 14. b3 Re8 15.
Rad1 Be6 16. Qc2 Qc8 17. Bc1 Bh3 18. Bb2 Bxg2 19. Kxg2 Nc6 20. Nd5 Nb4 21. Qd2
Nxd5 22. Qxd5+ Qe6 23. Qxe6+ Rxe6 24. e3 a5 25. Bc3 a4 26. bxa4 Re4 27. Ba5 Rb7
28. Bd2 Rxc4 29. a5 Rc2 30. a4 Ra2 31. Rb1 Ra7 32. Rfd1 f5 33. Be1 Rxa4 34.
Rb8+ Kf7 35. Rdb1 Bf6 36. Rc8 Ra1 37. Rxa1 Bxa1 38. Rb8 Bf6 39. Kf3 c4 40. Ke2
c3 41. Rb5 c2 42. Bd2 Bc3 43. Bc1 Rxa5 44. Rxa5 Bxa5 45. Kd3 g5 46. Kxc2 g4 47.
Kd3 Ke6 48. Ke2 Kd5 49. f3 c5 50. e4+ fxe4 51. fxg4 c4 52. h4 Bc3 53. g5 Be5
54. g4 Ke6 55. Ke3 d5 56. h5 c3 57. Ba3 Bg7 58. Kf4 c2 59. Bc1 Bc3 60. h6 Be5+
61. Ke3 Kf7 0-1

[Event "Europa ch s-16 femenino"]
[Site "Herceg Novi  MNT"]
[Date "2008.09.18"]
[Round "4.6"]
[White "Adamowicz, Katarzyna"]
[Black "Soloviova, Liza"]
[Result "1-0"]
[WhiteElo "2063"]
[BlackElo "2148"]
[PlyCount "105"]
[EventDate "2008.09.15"]
[EventType "swiss"]
[EventRounds "9"]
[Source "lmi"]
[SourceDate "2008.09.15"]

1. e4 e5 2. Nf3 Nc6 3. Bb5 a6 4. Ba4 Nf6 5. O-O Be7 6. Re1 b5 7. Bb3 d6 8. c3
O-O 9. h3 Nb8 10. d4 Nbd7 11. Nbd2 Bb7 12. Bc2 Re8 13. Nf1 Bf8 14. Ng3 g6 15.
a4 Bg7 16. d5 Qb8 17. b3 c6 18. c4 bxc4 19. bxc4 a5 20. Be3 Qc7 21. Rb1 Ba6 22.
Bd3 Nc5 23. Bxc5 dxc5 24. dxc6 Qxc6 25. Qc2 Nd7 26. Ne2 Nb6 27. Nd2 Bh6 28. Nb3
Bc8 29. Nc3 Bf8 30. Ra1 Be6 31. Nd5 Bxd5 32. cxd5 Qc7 33. Bb5 Nd7 34. Nd2 Red8
35. Bxd7 Rxd7 36. Nc4 Rdd8 37. Rab1 Rdb8 38. Rb5 Rxb5 39. axb5 a4 40. Ra1 a3
41. Qb3 Qb7 42. b6 Qa6 43. Rxa3 Qxc4 44. Qxc4 Rxa3 45. b7 Ra1+ 46. Kh2 Rb1 47.
Qa6 Kg7 48. Qc6 c4 49. Qc7 Bd6 50. Qxd6 Rxb7 51. Qxe5+ f6 52. Qd4 Rc7 53. d6
1-0

[Event "Europa ch s-16 femenino"]
[Site "Herceg Novi  MNT"]
[Date "2008.09.18"]
[Round "4.7"]
[White "Savina, Anastasia"]
[Black "Stetsko, Lanita"]
[Result "1/2-1/2"]
[WhiteElo "2269"]
[BlackElo "2022"]
[PlyCount "141"]
[EventDate "2008.09.15"]
[EventType "swiss"]
[EventRounds "9"]
[Source "lmi"]
[SourceDate "2008.09.15"]

1. d4 d5 2. c4 c6 3. Nc3 e5 4. dxe5 d4 5. Ne4 Qa5+ 6. Nd2 Nd7 7. Ngf3 Nxe5 8.
Nxe5 Qxe5 9. Nf3 Qa5+ 10. Bd2 Qb6 11. Qb3 Be6 12. Qxb6 axb6 13. Nxd4 Bxc4 14.
a3 Nf6 15. e3 Bxf1 16. Rxf1 Ne4 17. O-O-O O-O-O 18. f3 Nxd2 19. Rxd2 Bc5 20.
Rfd1 Rhe8 21. e4 g6 22. Kc2 Bf8 23. a4 Rd7 24. b3 Bg7 25. Rd3 Red8 26. Ne2 Kc7
27. Rxd7+ Rxd7 28. Rxd7+ Kxd7 29. f4 Kd6 30. b4 Bf8 31. Kd3 Be7 32. Kc4 Kd7 33.
Ng1 Bd6 34. e5 Be7 35. Nf3 Bd8 36. g4 Ke7 37. f5 Bc7 38. Kd4 f6 39. e6 g5 40.
h3 Kd6 41. Nd2 Bd8 42. Ne4+ Kc7 43. Kc4 Be7 44. b5 Bd8 45. Nd2 Be7 46. Ne4 Bd8
47. Kd4 Be7 48. Kd3 Kd8 49. Nd2 Kc7 50. Nc4 Bd8 51. Nd2 Be7 52. Nf3 Kd6 53. Kc4
Kc7 54. h4 h6 55. h5 Kd6 56. Kd4 Kc7 57. Nd2 Bc5+ 58. Ke4 Be7 59. Nc4 Bf8 60.
a5 bxa5 61. b6+ Kc8 62. Nxa5 Be7 63. Kd4 Bf8 64. Nc4 Kd8 65. Nd2 Be7 66. Ne4
Kc8 67. Nc5 Kb8 68. Nd7+ Kc8 69. Kd3 Kd8 70. Ke3 Kc8 71. Kd4 1/2-1/2

[Event "Europa ch s-16 femenino"]
[Site "Herceg Novi  MNT"]
[Date "2008.09.18"]
[Round "4.8"]
[White "Bulatkhanova, Bika"]
[Black "Shvayger, Yuliya"]
[Result "0-1"]
[WhiteElo "1976"]
[BlackElo "2151"]
[PlyCount "78"]
[EventDate "2008.09.15"]
[EventType "swiss"]
[EventRounds "9"]
[Source "lmi"]
[SourceDate "2008.09.15"]

1. c4 Nf6 2. g3 e6 3. Bg2 d5 4. cxd5 exd5 5. Nf3 Bd6 6. Nc3 c6 7. O-O O-O 8. d4
Re8 9. Qc2 Bg4 10. h3 Bh5 11. Bg5 h6 12. Bd2 Nbd7 13. Rfe1 Bg6 14. Qb3 b5 15.
Nh4 Bh7 16. Nd1 Ne4 17. Bb4 Bc7 18. Rc1 a5 19. Bc5 Ndxc5 20. dxc5 Qe7 21. Qe3
Nxg3 22. Qxe7 Rxe7 23. e3 Ne4 24. Nf3 Rc8 25. Nc3 Nxc5 26. Bf1 b4 27. Nb1 Bd6
28. Nd4 Rec7 29. Nd2 Nd3 30. Bxd3 Bxd3 31. N4b3 c5 32. Nf3 a4 33. Nbd2 f5 34.
Kg2 g5 35. Nf1 Be4 36. N1d2 g4 37. hxg4 fxg4 38. Nxe4 gxf3+ 39. Kxf3 Rf8+ 0-1

[Event "Europa ch s-16 femenino"]
[Site "Herceg Novi  MNT"]
[Date "2008.09.18"]
[Round "4.9"]
[White "Papp, Petra"]
[Black "Forgues, Valerie"]
[Result "1-0"]
[WhiteElo "2118"]
[BlackElo "1999"]
[PlyCount "129"]
[EventDate "2008.09.15"]
[EventType "swiss"]
[EventRounds "9"]
[Source "lmi"]
[SourceDate "2008.09.15"]

1. e4 e5 2. Nf3 Nc6 3. Bb5 a6 4. Ba4 Nf6 5. O-O Be7 6. Re1 b5 7. Bb3 d6 8. c3
O-O 9. h3 Na5 10. Bc2 c5 11. d4 Qc7 12. Nbd2 cxd4 13. cxd4 Rd8 14. b3 Nc6 15.
Bb2 exd4 16. Nxd4 Nxd4 17. Bxd4 Be6 18. Rc1 Qa5 19. Nf1 Rdc8 20. Ne3 b4 21. f4
Qh5 22. Bxf6 Qxd1 23. Rcxd1 gxf6 24. Bd3 Rc5 25. f5 Bd7 26. Nd5 Bd8 27. Nxb4 a5
28. Nd5 Bxf5 29. Nxf6+ Bxf6 30. exf5 Be5 31. Bc4 a4 32. Re4 axb3 33. Bxb3 Rac8
34. Rb4 R8c7 35. Re4 Kf8 36. Re2 Bg3 37. Re3 Bf4 38. Rf3 Be5 39. Rfd3 Ke7 40.
Kf2 h5 41. g4 h4 42. Kf3 Rb5 43. Re1 Rb4 44. Re4 Rxe4 45. Kxe4 Rc1 46. Rd1 Rc3
47. Rd3 Rc1 48. g5 Rf1 49. f6+ Ke8 50. Rf3 Rg1 51. Kf5 Rg2 52. Bd5 Rd2 53. Bc4
Rd4 54. Bb5+ Kf8 55. a4 Rb4 56. g6 fxg6+ 57. Kxg6 Rf4 58. Rxf4 Bxf4 59. a5 Be3
60. a6 Bd4 61. Bc4 Bc5 62. Kf5 Ke8 63. Ke6 Kf8 64. Kd7 Bd4 65. Kxd6 1-0

[Event "Europa ch s-16 femenino"]
[Site "Herceg Novi  MNT"]
[Date "2008.09.18"]
[Round "4.10"]
[White "Gorozhankina, Julia"]
[Black "Manelidou, Maria"]
[Result "1/2-1/2"]
[WhiteElo "2094"]
[BlackElo "1975"]
[PlyCount "66"]
[EventDate "2008.09.15"]
[EventType "swiss"]
[EventRounds "9"]
[Source "lmi"]
[SourceDate "2008.09.15"]

1. e4 e5 2. Nf3 Nc6 3. Nc3 Nf6 4. d4 exd4 5. Nxd4 Bb4 6. Nxc6 bxc6 7. Bd3 Bxc3+
8. bxc3 h6 9. O-O O-O 10. e5 Nd5 11. Qh5 f5 12. Bxf5 Rxf5 13. Qxf5 Nxc3 14. Re1
Qf8 15. Qg6 Qf7 16. Qg3 Nb5 17. c3 Qe6 18. Bb2 a5 19. c4 Na7 20. Re4 Kh7 21. h4
Ba6 22. Bd4 Bxc4 23. Rg4 g6 24. Rf4 Nb5 25. Rf6 Qg8 26. Be3 Nc3 27. Kh1 Qg7 28.
Qf4 Be6 29. h5 g5 30. Qd4 Nd5 31. Qe4+ Kh8 32. Rg6 Qh7 33. f3 Rf8 1/2-1/2

[Event "Europa ch s-16 femenino"]
[Site "Herceg Novi  MNT"]
[Date "2008.09.18"]
[Round "4.11"]
[White "Jimenez Lupianez, Laura"]
[Black "Homiakova, Elena"]
[Result "0-1"]
[WhiteElo "1901"]
[BlackElo "2078"]
[PlyCount "86"]
[EventDate "2008.09.15"]
[EventType "swiss"]
[EventRounds "9"]
[Source "lmi"]
[SourceDate "2008.09.15"]

1. d4 Nf6 2. c4 c5 3. d5 b5 4. cxb5 a6 5. b6 d6 6. Nc3 Nbd7 7. a4 a5 8. e4 g6
9. Nf3 Bg7 10. Be2 O-O 11. O-O Nxb6 12. Nd2 Bb7 13. Nb5 Ne8 14. Na3 Nc7 15.
Nac4 Nxc4 16. Nxc4 Ba6 17. Na3 f5 18. Bxa6 Rxa6 19. f3 Qd7 20. Nc4 e6 21. dxe6
Qxe6 22. Nd2 Rb6 23. Rb1 Bd4+ 24. Kh1 fxe4 25. fxe4 Rxf1+ 26. Qxf1 Rb8 27. Qd3
d5 28. exd5 Qe1+ 29. Qf1 Re8 30. g3 Nxd5 31. b3 Qxf1+ 32. Nxf1 Re1 33. Kg2 Ne3+
34. Nxe3 Bxe3 35. Bxe3 Rxb1 36. Bxc5 Rxb3 37. Kh3 Rb2 38. Bd6 Ra2 39. Kg4 Rxh2
40. Bc7 Ra2 41. Kg5 Rxa4 42. Bd6 Rd4 43. Be7 Kf7 0-1

[Event "Europa ch s-16 femenino"]
[Site "Herceg Novi  MNT"]
[Date "2008.09.18"]
[Round "4.12"]
[White "Hitter, Gabriella"]
[Black "Thorsteinsdottir, Hallgerdur"]
[Result "1/2-1/2"]
[WhiteElo "2075"]
[BlackElo "1907"]
[PlyCount "105"]
[EventDate "2008.09.15"]
[EventType "swiss"]
[EventRounds "9"]
[Source "lmi"]
[SourceDate "2008.09.15"]

1. e4 c6 2. d4 d5 3. Nc3 dxe4 4. Nxe4 Bf5 5. Ng3 Bg6 6. h4 h6 7. Nf3 Nd7 8. h5
Bh7 9. Bd3 Bxd3 10. Qxd3 e6 11. Bf4 Ngf6 12. O-O-O Be7 13. Kb1 O-O 14. Ne4 Nxe4
15. Qxe4 Nf6 16. Qe2 Qd5 17. Ne5 Qe4 18. Qxe4 Nxe4 19. Rhe1 Nf6 20. g4 c5 21.
f3 Rfd8 22. dxc5 Bxc5 23. c4 Kf8 24. Kc2 Ke7 25. Bd2 Rxd2+ 26. Rxd2 Bb4 27.
Red1 Bxd2 28. Rxd2 Rc8 29. a4 Rc5 30. f4 Nd5 31. Rd4 Nxf4 32. Rd7+ Ke8 33. Rxf7
Ng2 34. Rf8+ Kxf8 35. Nd7+ Ke7 36. Nxc5 b6 37. Ne4 Ne3+ 38. Kd3 Nxg4 39. b4 Nf6
40. Ng3 Kd6 41. Kd4 a5 42. c5+ bxc5+ 43. bxc5+ Kc6 44. Ke5 Kxc5 45. Kxe6 Kb4
46. Kf7 Kxa4 47. Kxg7 Nxh5+ 48. Nxh5 Kb3 49. Kxh6 a4 50. Nf4 a3 51. Nd3 Kc3 52.
Nc1 Kc2 53. Na2 1/2-1/2

[Event "Europa ch s-16 femenino"]
[Site "Herceg Novi  MNT"]
[Date "2008.09.18"]
[Round "4.13"]
[White "Kolaric, Spela"]
[Black "Iordanidou, Zoi"]
[Result "1/2-1/2"]
[WhiteElo "1890"]
[BlackElo "2060"]
[PlyCount "36"]
[EventDate "2008.09.15"]
[EventType "swiss"]
[EventRounds "9"]
[Source "lmi"]
[SourceDate "2008.09.15"]

1. e4 d5 2. exd5 Qxd5 3. Nc3 Qa5 4. d4 Nf6 5. Bc4 c6 6. Nf3 Bf5 7. O-O e6 8.
Ne5 Bd6 9. Bf4 Qc7 10. Re1 O-O 11. Bg3 Nbd7 12. Bd3 Bxd3 13. Qxd3 b5 14. Ne4
Nxe4 15. Qxe4 Nf6 16. Qf3 Rac8 17. c3 Rfd8 18. Rad1 Nd5 1/2-1/2